000 00957nam a2200217 i 4500
001 162439
003 ES-MaACL
005 20250811063159.0
008 931025s1788 sp a |||| | spa d
100 1 _aPonz, Antonio,
_d1725-1792
_993069
245 1 0 _aViage de España
_b: en que se da noticia de las cosas mas apreciables, y dignas de saberse que hay en ella /
_csu autor D. Antonio Ponz... ; tomo XV...
260 _aMadrid :
_bpor la Viuda de Ibarra; Hijos y Compañía,
_c1788.
300 _a[2], XXX, 254 p., [1] h. de grab., [4] h. de grab. pleg. ;
_c8º (16 cm)
505 8 _aTomo XV trata de Aragon
596 _aMarca de imp. en port.
597 _aSign.: a-b8, A-P8, Q7.
599 _aLas [5] h. de grab. son calc. entre p. XXVI y 1, y al final del texto.
651 4 _aAragón-
_xDescripción.
_97788
852 _aES-MaACL
_jR-468-85
_z-- Enc. piel, no original de la época
_x Olim: F-12859-76
999 _c162439
_d162439